00336nam a2200097Ia 4500008004100000245008400041245001800125260000900143650003800152856004800190171204s9999 xx 000 0 und d aFit Fuel: A Chef's Guide to Eating Well, Getting Fit, and Living Your Best Life cRobert Irvine c2015 xCulinary Arts & Sciences with Lab uhttp://down.ebook777.com/037/0996422315.pdf